000 00486nam a2200169 i 4500
001 bg
100 1 _aBRONK, Hubert
245 0 _aRelacje produkcyjne w publicznym transporcie samochodowym /
_cHubert Bronk.
260 _aSzczecin,
_c1974.
490 1 _aPrace Naukowe Politechniki SzczeciƄskiej ;
_vnr 19
830 _aPrace Naukowe Politechniki SzczeciƄskiej ;
040 _cBPK
041 _apol
080 _a656.13
942 _cKS
008 s pl f |000 0 pol
999 _c26420
_d26420
856 _uhttp://koha.tu.koszalin.pl/cgi-bin/koha/opac-detail.pl?biblionumber=26420
_yKatalog online BPK